Visit All Countries: move to bordering or jump to almost bordering country - Statistics

General Stats
  • This quiz has been taken 1,068 times
  • The average score is 76 of 154
Answer Stats
DISTANCE COUNTRY % Correct
Borders I{ndia}
99%
Borders C{hina}
98%
Borders N{epal}
97%
Borders R{ussia}
82%
Borders B{elarus}
79%
Borders L{atvia}
79%
Borders L{ithuania}
79%
Borders P{oland}
79%
Borders U{kraine}
79%
Borders A{ustria}
78%
Borders B{elgium}
77%
Borders F{rance}
77%
Borders G{ermany}
77%
Borders I{taly}
77%
Borders L{uxembourg}
77%
Borders S{lovakia}
77%
Borders B{osnia and Herzegovina}
75%
Borders C{roatia}
75%
Borders C{zech Republic}
75%
Borders H{ungary}
75%
Borders R{omania}
75%
Borders S{erbia}
75%
Borders A{lbania}
74%
Borders A{rmenia}
74%
Borders A{zerbaijan}
74%
Borders G{eorgia}
74%
Borders G{reece}
74%
Borders bordering I{ran}
74%
Borders I{raq}
74%
Borders J{ordan}
74%
Borders bordering K{uwait}
74%
Borders M{acedonia}
74%
Borders M{ontenegro}
74%
Borders O{man}
74%
Borders bordering Q{atar}
74%
Borders S{audi Arabia}
74%
Borders bordering S{lovenia}
74%
Borders T{urkey}
74%
Borders U{nited Arab Emirates}
74%
Borders Y{emen}
74%
Borders B{ulgaria}
73%
Borders bordering E{gypt}
73%
Borders I{srael}
73%
Borders L{ebanon}
73%
Borders L{ibya}
73%
Borders S{an Marino}
73%
Borders N{iger}
72%
Borders N{igeria}
72%
Borders bordering N{orth Korea}
72%
Borders B{enin}
71%
Borders B{urkina Faso}
70%
Borders G{hana}
70%
Borders bordering M{ali}
70%
CTD = 3 S{yria}
70%
Borders T{ogo}
70%
Borders M{auritania}
69%
Borders M{orocco}
68%
Borders S{pain}
66%
Borders C{ote d'Ivoire}
64%
Borders U{nited Kingdom}
64%
Borders I{reland}
63%
CTD = 3 P{ortugal}
62%
Borders bordering A{ndorra}
61%
Borders P{eru}
55%
Borders B{olivia}
54%
Borders bordering B{razil}
54%
Borders C{olombia}
54%
Borders C{osta Rica}
54%
Borders E{cuador}
54%
Borders G{uyana}
54%
Borders H{onduras}
54%
Borders M{exico}
54%
Borders N{icaragua}
54%
Borders bordering P{anama}
54%
Borders bordering S{uriname}
54%
Borders U{nited States}
54%
Borders V{enezuela}
54%
Borders A{rgentina}
53%
Borders C{anada}
53%
Borders C{hile}
53%
Borders E{l Salvador}
53%
Borders G{uatemala}
53%
Borders P{araguay}
53%
CTD = 3 B{elize}
44%
CTD = 8 U{ruguay}
44%
CTD = 4 D{enmark}
39%
Borders bordering F{inland}
39%
CTD = 3 V{atican City}
39%
CTD = 4 E{stonia}
38%
CTD = 3 K{azakhstan}
38%
Borders K{yrgyzstan}
38%
Borders N{orway}
38%
Borders T{ajikistan}
38%
Borders U{zbekistan}
38%
Borders L{iechtenstein}
37%
Borders bordering P{akistan}
37%
Borders S{weden}
37%
Borders T{urkmenistan}
37%
Borders C{ambodia}
36%
Borders L{aos}
36%
Borders T{hailand}
36%
Borders V{ietnam}
36%
Borders bordering N{etherlands}
35%
Borders bordering S{witzerland}
35%
Borders bordering B{angladesh}
33%
Borders B{urma}
33%
CTD = 3 M{onaco}
29%
Borders bordering S{ri Lanka}
29%
Borders bordering B{hutan}
28%
Borders bordering Z{ambia}
27%
Borders Z{imbabwe}
27%
Borders B{otswana}
26%
Borders N{amibia}
26%
Borders S{outh Africa}
25%
Borders D{emocratic Republic of the Congo}
24%
Borders D{jibouti}
24%
Borders E{ritrea}
24%
Borders E{thiopia}
24%
Borders M{alawi}
24%
Borders bordering M{ongolia}
24%
Borders M{ozambique}
24%
Borders R{wanda}
24%
Borders S{omalia}
24%
Borders S{waziland}
24%
Borders C{entral African Republic}
23%
Borders E{quatorial Guinea}
23%
Borders G{abon}
23%
Borders K{enya}
23%
Borders R{epublic of the Congo}
23%
Borders S{outh Sudan}
23%
Borders T{anzania}
23%
Borders U{ganda}
23%
Borders A{ngola}
22%
Borders C{had}
22%
CTD = 3 S{outh Korea}
22%
Borders bordering B{urundi}
21%
Borders C{ameroon}
21%
CTD = 3 K{osovo}
19%
CTD = 7 S{udan}
19%
Borders G{uinea-Bissau}
15%
CTD = 4 L{esotho}
15%
Borders G{ambia}
14%
Borders bordering G{uinea}
14%
CTD = 4 M{oldova}
14%
Borders S{enegal}
14%
Borders bordering I{ndonesia}
13%
CTD = 3 L{iberia}
13%
Borders P{apua New Guinea}
13%
Borders S{ierra Leone}
13%
Borders A{lgeria}
12%
Borders B{runei}
12%
Borders bordering E{ast Timor}
12%
CTD = 13 M{alaysia}
12%
CTD = 8 T{unisia}
12%
No matching quizzes found
Score Distribution
Percent of People with Each Score
Percentile by Number Answered
Your Score History
You have not taken this quiz